00639nam a2200193Ia 4500008004100000040001900041041001200060082003900072100001900111245008100130260007100211300002000282504001900302630003700321650001600358651003300374700002800407850001000435131103s9999 xx 000 0 und d aLoreto College aEnglish a301.431/MEH;371.4/MEHbLCLIB/26053 aMehta,Perin H. aHandbook for counsellorscPerin H. Mehta,Khorshed A.Wadia and John G. Odgers aDelhibNational Council of Educational Research and Trainingc1964 a84 p. c 11 cm. aReprinted 1972 aStudent Guidance and Counselling aCounselling aSchools and their activities aWadia,Khorshed A.,auth. aLCLIB